Training in home management (Record no. 437396)

000 -LEADER
fixed length control field 00362cam a22001217a 4500
008 - FIXED-LENGTH DATA ELEMENTS--GENERAL INFORMATION
fixed length control field 180718b1955 xxu||||| |||| 00| 0 eng d
082 ## - DEWEY DECIMAL CLASSIFICATION NUMBER
Classification number XA908 W412
100 ## - MAIN ENTRY--PERSONAL NAME
Personal name Weddell, Margaret
245 ## - TITLE STATEMENT
Title Training in home management
Statement of responsibility, etc. by Margaret Weddell
260 ## - PUBLICATION, DISTRIBUTION, ETC.
Place of publication, distribution, etc. London
Name of publisher, distributor, etc. Routledge and Kegan Paul Ltd
Date of publication, distribution, etc. 1955
300 ## - PHYSICAL DESCRIPTION
Extent v, 198p.
650 ## - SUBJECT ADDED ENTRY--TOPICAL TERM
Topical term or geographic name entry element Home management --Training
Holdings
Withdrawn status Lost status Damaged status Not for loan Permanent Location Current Location Date acquired Full call number Barcode Date last seen Price effective from Koha item type
        Indian Institute of Public Administration Indian Institute of Public Administration 2010-03-22 XA908 W412 847 2018-07-21 2018-07-21 Book

Powered by Koha